[Event "1st WMSG Blitz Pair"]
[Site "Beijing CHN"]
[Date "2008.10.08"]
[Round "4"]
[White "Berend,F"]
[Black "Balogh,C"]
[Result "0-1"]
[WhiteElo "2345"]
[BlackElo "2616"]

1.e4 c5 2.Nc3 Nc6 3.Bb5 Nd4 4.Bc4 e6 5.Nf3 a6 6.Nxd4 cxd4 7.Ne2 b5 8.Bd3 Bc5
9.O-O Ne7 10.a4 Bb7 11.c3 dxc3 12.dxc3 bxa4 13.Qxa4 O-O 14.Ng3 Ng6 15.Qa5 Bb6
16.Qh5 Qc7 17.Bc2 a5 18.Re1 Rac8 19.Be3 Bxe3 20.Rxe3 Ra8 21.e5 Qc5 22.Ra4 h6
23.Rg4 Qd5 24.Ne4 Nxe5 25.Rgg3 Nc4 26.Re2 Qxe4 27.Bxe4 d5 28.Bd3 Rfc8 29.Rg4 Nd6
30.Ra4 Kf8 31.g3 Rc5 32.Kf1 Rb8 33.Ke1 Ke7 34.Kd1 f6 35.f4 g5 36.Kc1 gxf4  0-1

[Event "1st WMSG Blitz Pair"]
[Site "Beijing CHN"]
[Date "2008.10.08"]
[Round "5"]
[White "Gurevich,M1"]
[Black "Sasikiran,K"]
[Result "1-0"]
[WhiteElo "2634"]
[BlackElo "2694"]

1.e4 c5 2.Nc3 Nc6 3.Bb5 Nd4 4.Bc4 e6 5.Nf3 a6 6.Nxd4 cxd4 7.Ne2 b5 8.Bd3 Bc5
9.O-O Ne7 10.a4 Bb7 11.c3 dxc3 12.dxc3 bxa4 13.Qxa4 O-O 14.Ng3 Ng6 15.Qa5 Bb6
16.Qh5 Qc7 17.Bc2 a5 18.Re1 Rac8 19.Be3 Bxe3 20.Rxe3 Ra8 21.e5 Qc5 22.Ra4 h6
23.Rg4 Qd5 24.Ne4 Nxe5 25.Rgg3 Nc4 26.Re2 Qxe4 27.Bxe4 d5 28.Bd3 Rfc8 29.Rg4 Nd6
30.Ra4 Kf8  1-0

[Event "1st WMSG Blitz Pair"]
[Site "Beijing CHN"]
[Date "2008.10.08"]
[Round "5"]
[White "Paragua,M"]
[Black "Solomon,K"]
[Result "0-1"]
[WhiteElo "2526"]
[BlackElo "2337"]

1.e4 c5 2.Nf3 Nc6 3.Nc3 g6 4.d4 cxd4 5.Nxd4 Bg7 6.Nb3 Nf6 7.Be2 O-O 8.O-O a5
9.a4 d6 10.Re1 Bd7 11.Bf1 Rc8 12.Bg5 Nb4 13.Qd2 Re8 14.Rad1 Ng4 15.h3 Ne5
16.Be3 Nc4 17.Bxc4 Rxc4 18.f4 Qc7 19.e5 d5 20.Nd4 e6 21.Ndb5 Bxb5 22.Nxb5 Qc6
23.c3 Na6 24.b3 Rc5 25.Bxc5 Nxc5 26.Nd4 Qc7 27.Qe3 Ne4 28.c4 Bf8 29.Kh2 f6
30.Nb5 Qc6 31.exf6 Nxf6 32.Qd4 Bg7 33.cxd5 Nxd5 34.Qe4 Qd7 35.Rxd5  0-1

[Event "1st WMSG Blitz Pair"]
[Site "Beijing CHN"]
[Date "2008.10.08"]
[Round "5"]
[White "Hou Yifan"]
[Black "Peng Zhaoqin"]
[Result "1-0"]
[WhiteElo "2578"]
[BlackElo "2455"]

1.e4 c5 2.Nf3 Nc6 3.Nc3 e6 4.Bb5 Nge7 5.O-O a6 6.Bxc6 Nxc6 7.d4 cxd4 8.Nxd4 Qb6
9.Be3 Qxb2 10.Na4 Qa3 11.Nb6 Rb8 12.Bf4 e5 13.Nxc6 bxc6 14.Nc4 Qc5 15.Nxe5 Be7
16.Nxd7 Bxd7 17.Bxb8 O-O 18.Qxd7 Rxb8 19.Rad1 Bf8 20.Qd3 a5 21.h3 a4 22.Rb1 Re8
23.Rb7 Re6 24.Rb8 Rd6 25.Qe2 g6 26.Rd1 Kg7 27.Rxd6 Bxd6 28.Rb1 Qa3 29.Rd1 Be5
30.Qc4  1-0

[Event "1st WMSG Blitz Pair"]
[Site "Beijing CHN"]
[Date "2008.10.08"]
[Round "6"]
[White "Fierro Baquero,M"]
[Black "Li Ruofan"]
[Result "0-1"]
[WhiteElo "2361"]
[BlackElo "2426"]

1.e4 c5 2.Nc3 Nc6 3.Bb5 Nd4 4.Bc4 e6 5.Nge2 Nxe2 6.Qxe2 a6 7.d3 d6 8.O-O Nf6
9.a4 Be7 10.Bb3 O-O 11.f4 Qc7 12.Kh1 Bd7 13.e5 Ne8 14.exd6 Nxd6 15.Ne4 Nxe4
16.Qxe4 Bf6 17.a5 Bc6 18.Qe2 Rfe8 19.c3 Rad8 20.Be3 Bd5 21.Bc2 c4 22.Bb6 cxd3
23.Bxd3 Qc6 24.Bxd8 Rxd8 25.Rfd1 Qc7 26.Be4 Qxf4 27.Bxd5 exd5 28.Rxd5 Rf8
29.Qf3 Qc4 30.Rad1 Qb3 31.R1d2 Re8 32.g3 h6 33.Qf2 Qa4 34.Rd7 Qc6+ 35.Kg1 Be7
36.R7d5 Rc8 37.Rd1 Bc5 38.Rxc5 Qxc5 39.Rd8+ Kh7 40.Rxc8 Qxc8 41.Qd4 Qe6 42.Qb6 Qe4
43.Qb4 Qxb4 44.cxb4 Kg6 45.Kf2 Kf5 46.Ke3 Ke5 47.h3 f5 48.h4 g5 49.hxg5 hxg5
50.b3 f4+ 51.gxf4+ gxf4+ 52.Kf3 Kf5 53.Kf2 Ke4 54.Ke2 Kd4 55.Kf3 Kc3 56.Kxf4 Kxb3  0-1

[Event "1st WMSG Blitz Pair"]
[Site "Beijing CHN"]
[Date "2008.10.08"]
[Round "6"]
[White "Berend,F"]
[Black "Markos,J"]
[Result "0-1"]
[WhiteElo "2345"]
[BlackElo "2557"]

1.e4 c5 2.Nc3 Nc6 3.Bb5 d6 4.f4 Bd7 5.Nf3 g6 6.O-O Bg7 7.d3 a6 8.Bxc6 Bxc6
9.Qe1 b5 10.a3 Qd7 11.Qg3 Nf6 12.f5 O-O-O 13.b4 Nxe4 14.dxe4 Bxc3 15.Rb1 Bxe4
16.Ng5 Bd4+ 17.Kh1 gxf5 18.Nxe4 fxe4 19.Rxf7 Qe6 20.Rf1 Rhg8 21.Qe1 e3 22.Qe2 Rg4
23.bxc5 Bxc5 24.a4 Rxa4 25.Qf3 Qe4 26.Qh3+ Kc7 27.Bb2 e2 28.Rfe1 Bf2 29.Bc3 Bxe1
30.Bxe1 Rf8 31.Kg1 Rf1+  0-1

[Event "1st WMSG Blitz Pair"]
[Site "Beijing CHN"]
[Date "2008.10.08"]
[Round "7"]
[White "Leon Hoyos,M"]
[Black "Solomon,K"]
[Result "1/2-1/2"]
[WhiteElo "2535"]
[BlackElo "2337"]

1.e4 c5 2.Nc3 Nc6 3.Bb5 e6 4.Bxc6 bxc6 5.f4 d5 6.d3 Nf6 7.Nf3 Be7 8.O-O O-O
9.e5 Nd7 10.b3 a5 11.Na4 c4 12.dxc4 dxc4 13.Be3 Ba6 14.Rf2 Qc7 15.Nd2 cxb3
16.axb3 c5 17.Ne4 c4 18.Rd2 Rfd8 19.Nd6 Rab8 20.Qh5 Bxd6 21.Rxd6 Bb5 22.Rad1 cxb3
23.cxb3 Qc2 24.R6d2 Qxb3 25.Bb6 Rxb6 26.Nxb6 Qe3+ 27.Kh1 Qxb6 28.f5 Rf8 29.fxe6 Qxe6
30.Rd6 Qc4 31.h3 Nc5 32.R6d4 Qc2 33.R4d2 Qe4 34.Rd8 Ne6 35.R8d2 Bc6 36.Re2 Qc4
37.Rf2 Qb3 38.Rd6 Qb1+ 39.Kh2 g6 40.Qg4 Qe4 41.Qg3 h5 42.h4 Nd4 43.Rdf6 Ne2
44.Rxe2 Qxe2 45.Rxg6+ fxg6 46.Qxg6+ Kh8 47.Qh6+ Kg8 48.Qg6+  1/2-1/2

[Event "1st WMSG Blitz Pair"]
[Site "Beijing CHN"]
[Date "2008.10.08"]
[Round "8"]
[White "Paragua,M"]
[Black "Markos,J"]
[Result "1-0"]
[WhiteElo "2526"]
[BlackElo "2557"]

1.e4 c5 2.Nf3 Nc6 3.Nc3 Nf6 4.Bb5 g6 5.O-O Bg7 6.Re1 O-O 7.e5 Ne8 8.Bxc6 dxc6
9.h3 Nc7 10.d3 Ne6 11.Ne4 b6 12.Be3 Nd4 13.Ned2 Be6 14.Ng5 Bxe5 15.Bxd4 Bxd4
16.c3 Bg7 17.Nxe6 fxe6 18.Qe2 Kh8 19.Nf3 Qd5 20.Qxe6 Qxd3 21.Rad1 Qf5 22.Qxf5 Rxf5
23.Rxe7 Rd5 24.Rde1 h6 25.R7e6 Rad8 26.Rxg6 Rd1 27.Kf1 Rxe1+ 28.Kxe1 Re8+
29.Kd1 Rd8+ 30.Nd2 Kh7 31.Rxc6 Be5 32.Ke2 Rg8 33.g3 Re8 34.Kf1 Rd8 35.Nf3 Bg7
36.Re6 Rd2 37.Nxd2  1-0

[Event "1st WMSG Blitz Pair"]
[Site "Beijing CHN"]
[Date "2008.10.08"]
[Round "9"]
[White "Balogh,C"]
[Black "Markos,J"]
[Result "1-0"]
[WhiteElo "2616"]
[BlackElo "2557"]

1.e4 c5 2.Nf3 Nc6 3.Nc3 Nf6 4.Bb5 g6 5.Bxc6 dxc6 6.d3 Bg4 7.h3 Bxf3 8.Qxf3 Bg7
9.O-O O-O 10.Be3 Nd7 11.Qe2 e5 12.a3 a5 13.Qd2 Qe7 14.a4 Rfe8 15.Bh6 Bh8
16.b3 Nf8 17.Ne2 Ne6 18.f3 f5 19.exf5 gxf5 20.f4 Nxf4 21.Nxf4 exf4 22.Qxf4 Bd4+
23.Kh1 Bxa1 24.Rxa1 Qf6 25.Rf1 Kh8 26.Bg5 Qg6 27.Qh4 Re6 28.Rf3 Rae8 29.Rg3 Qg7
30.Kh2 Rg6 31.Bf4 Rxg3 32.Bxg3 Kg8 33.Qc4+ Qf7 34.Qxc5 Re2 35.c4 h6 36.Qd6 Kh7
37.Qf4 Qf6 38.Qc7+ Qg7 39.Qf4 Qf7 40.Qf3 Re6 41.d4 Re4 42.Be5 Qg6 43.Qf2 Qg5
44.Qf3 Qe3 45.Qxf5+ Kg8 46.Qg6+ Kf8 47.Bd6+ Re7 48.Qf6+  1-0

[Event "1st WMSG Blitz Pair"]
[Site "Beijing CHN"]
[Date "2008.10.08"]
[Round "11"]
[White "Balogh,C"]
[Black "Paragua,M"]
[Result "0-1"]
[WhiteElo "2616"]
[BlackElo "2526"]

1.e4 c5 2.Nf3 Nc6 3.Nc3 d6 4.d4 cxd4 5.Nxd4 Nf6 6.Bg5 Qb6 7.Nb3 e6 8.Qd2 a6
9.Bxf6 gxf6 10.O-O-O Bd7 11.f4 O-O-O 12.Kb1 Kb8 13.Be2 h5 14.Rhf1 Qc7 15.Rf3 h4
16.Qe1 Ne7 17.Qf2 Bg7 18.Rh3 f5 19.exf5 Nxf5 20.Bg4 Ne7 21.Be2 Rc8 22.Nd4 Qc5
23.Ne4 Qc7 24.Rc3 Nc6 25.Nxd6 Bxd4 26.Rxd4 Qb6 27.Nxc8 Qxd4 28.Qxd4 Nxd4
29.Nb6 Bc6 30.Bf1 Rd8 31.Kc1 Bxg2 32.Bd3 Bc6 33.Nc4 Rg8 34.b4 Rg1+ 35.Kb2 Nb5
36.Rb3 Bd5 37.a4 Nd4 38.Rc3 Rg2 39.Nb6 Bc6 40.Rc4 Nf5 41.Bxf5 exf5 42.a5 Rxh2
43.Rd4 Kc7 44.Na8+ Kc8 45.Nb6+ Kb8 46.Kb3 Re2 47.Rd3 Re8 48.c4 Rh8 49.b5 axb5
50.cxb5 Bxb5 51.Rd5 Bc6 52.Rxf5 h3 53.Kc3  0-1

[Event "1st WMSG Blitz Pair"]
[Site "Beijing CHN"]
[Date "2008.10.08"]
[Round "11"]
[White "Leon Hoyos,M"]
[Black "Kojima,S"]
[Result "0-1"]
[WhiteElo "2535"]
[BlackElo "2272"]

1.e4 c5 2.Nc3 Nc6 3.Bb5 Nd4 4.Bc4 e6 5.Nf3 Nf6 6.O-O Qc7 7.d3 a6 8.Bb3 Ng4
9.g3 Nxf3+ 10.Qxf3 Ne5 11.Qe2 Be7 12.f4 Nc6 13.f5 Nd4 14.Qg4 Bf6 15.Bf4 Qb6
16.fxe6 Nxe6 17.Nd5 Qd8 18.Bd6 Bxb2 19.Nc7+ Qxc7 20.Bxc7 Bxa1 21.Rxa1 Nxc7
22.Bxf7+ Kxf7 23.Rf1+ Kg8 24.Qf4 h6 25.Qxc7 d6 26.Rf7 Rh7 27.Qe7 Bg4 28.Rf4 g5
29.Qxd6 gxf4 30.Qxf4 Rg7 31.Qxh6 Rf8 32.h3 Be2 33.g4 Bd1 34.Qe6+ Kh7 35.Qc4 Rgf7
36.Qxc5 Rf3 37.Kg2 Be2 38.Qe7+ R8f7 39.Qh4+ Kg8 40.Qg5+ Kh7 41.Qh5+ Kg7 42.Qe5+ Kh7
43.Qh5+ Kg7 44.Qg5+ Kh7 45.Qh4+ Kg7 46.g5 Bf1+ 47.Kg1 Rxh3 48.Qg4 Rff3 49.Qd7+ Kg6
50.Qe8+ Kxg5 51.Qg8+ Kf4 52.Qf8+ Ke3 53.Qc5+ Ke2  0-1

[Event "Chigorin Memorial"]
[Site "St Petersburg RUS"]
[Date "2008.10.08"]
[Round "6"]
[White "Bodnaruk,A"]
[Black "Sorokina,A RUS"]
[Result "1-0"]
[WhiteElo "2381"]
[BlackElo "2068"]

1.e4 c5 2.Nc3 Nc6 3.Nge2 e5 4.Nd5 Nce7 5.Nec3 Nxd5 6.exd5 g6 7.Be2 Bg7 8.O-O Ne7
9.f4 O-O 10.fxe5 Bxe5 11.Bf3 d6 12.Ne2 Nf5 13.c3 b6 14.g3 Ba6 15.d3 Re8 16.Be4 Ng7
17.Bh6 Qd7 18.Qd2 Nh5 19.Bf3 Qh3 20.Bg2 Qd7 21.Bf3 Qh3 22.Rf2 Ng7 23.Be4 Rac8
24.Raf1 Rc7 25.Bg2 Qc8 26.Nf4 Qa8 27.g4 Bb7 28.d4 cxd4 29.cxd4 Bf6 30.g5 Be7
31.Bxg7 Bxg5 32.h4 Bxf4 33.Qxf4 Kxg7 34.Qxd6 Qd8 35.Qf4 Ba6 36.d6 Rd7 37.Rc1 Bd3
38.Bc6 Bf5 39.Bxd7 Qxd7 40.Rc7 Qd8 41.Re7 Rxe7 42.dxe7 Qxe7 43.Qe5+ Qxe5
44.dxe5 Kf8 45.Kg2 Ke7 46.Kf3 Ke6 47.Kf4 h6 48.Rd2 g5+ 49.hxg5 hxg5+ 50.Kxg5 Kxe5
51.Rd8 f6+ 52.Kh4 Be4 53.Kg3 Bd5 54.b3 f5 55.Re8+ Kd4 56.Kf4 Be4 57.Rc8 a5
58.Rb8 Kc5 59.Ke5 Bb1 60.a3 Be4 61.Rc8+ Kb5 62.Rc4 Ka6 63.Rc3 b5 64.b4 axb4
65.axb4 Kb6 66.Rh3 Kc7 67.Rh7+ Kc6 68.Rh6+ Kc7 69.Rf6 Kb7 70.Kd4 Kc7 71.Kc5 Bd3
72.Rf7+ Kd8 73.Kd6 Ke8 74.Rf6 Bc4 75.Ke5 Ke7 76.Rb6 Bd3 77.Rb7+ Ke8 78.Rc7 Kd8
79.Rc5 Ke7 80.Kd4 Bc4 81.Rxf5 Kd6 82.Rf6+ Kc7 83.Kc5 Bd3 84.Rf7+ Kc8 85.Kb6 Bc4
86.Rc7+ Kb8 87.Rc5 Bd3 88.Rd5  1-0

[Event "Chigorin Memorial"]
[Site "St Petersburg RUS"]
[Date "2008.10.08"]
[Round "6"]
[White "Sudakova,I"]
[Black "Utkin,Alex"]
[Result "1-0"]
[WhiteElo "2349"]
[BlackElo "2196"]

1.e4 c5 2.Nf3 Nc6 3.Nc3 Nf6 4.Bb5 g6 5.e5 Ng4 6.Bxc6 dxc6 7.h3 Nh6 8.g4 f5
9.g5 Nf7 10.Qe2 e6 11.d3 h6 12.gxh6 Bxh6 13.Bxh6 Rxh6 14.O-O-O b5 15.Qe3 Qb6
16.Rhg1 c4 17.d4 b4 18.Na4 Qa5 19.b3 Rxh3 20.Rxg6 Qd5 21.Rg8+ Ke7 22.Rg7 Qxf3
23.Qg5+ Ke8 24.Rg8+ Kd7 25.Nc5+ Kc7 26.Qe7+ Kb6 27.Rxc8 Qxd1+ 28.Kxd1  1-0

[Event "Chigorin Memorial"]
[Site "St Petersburg RUS"]
[Date "2008.10.08"]
[Round "6"]
[White "Demchenko,A"]
[Black "Zhigalko,S"]
[Result "1/2-1/2"]
[WhiteElo "2510"]
[BlackElo "2592"]

1.e4 c5 2.Nf3 Nc6 3.Nc3 Nf6 4.Bb5 Qc7 5.O-O Nd4 6.Re1 a6 7.Bf1 Ng4 8.g3 Nxf3+
9.Qxf3 Ne5 10.Qd1 e6 11.Bg2 Be7 12.b3 d6 13.Bb2 Bf6 14.f4 Nc6 15.e5 dxe5
16.Ne4 Be7 17.fxe5 Nd4 18.c3 Nf5 19.d4 Bd7 20.Qd2 cxd4 21.cxd4 O-O 22.Qf2 Bc6
23.Rac1 Qd7 24.Red1 Bd5 25.Nc5 Bxc5 26.dxc5 Ne7 27.Be4 Qc6 28.Bb1 Rad8 29.g4 Qb5
30.h3 Rd7 31.Kh2 Rfd8 32.Rd2 Qa5 33.Rf1 Ng6 34.Qe3 Rc8 35.Rc1 Rdc7 36.Bd4 b6
37.Rdc2 bxc5 38.Bxc5 Qb5 39.b4 a5 40.a3 axb4 41.axb4 Ra8 42.Rf2 Bb7 43.Qg3 Qc6
44.h4 Qd5 45.Re1 Ra1 46.h5 Rxb1 47.Rxb1 Nxe5 48.Re1 Nf3+ 49.Rxf3 Qxf3 50.Qxf3 Bxf3
51.Kg3 Bd5 52.Ra1 f6 53.Ra7 Rxa7 54.Bxa7 Bc6 55.Bc5 Kf7 56.Be3 Bb5 57.Bd2 Be2
58.Be3 e5 59.Bc5 Ke6 60.Bf2 Kf7 61.Bc5 f5 62.gxf5 Bxh5 63.b5 Be2 64.b6 Ba6
65.Bd6 Kf6 66.Bf8 Bc8 67.Kf3 Ba6 68.Kg3 Bb7 69.Kg4 h6 70.Kg3 Bc8 71.Kf3 h5
72.Kg3 e4 73.Kf4 Bb7 74.Bc5 g5+ 75.fxg6 Kxg6 76.Bf2 Kf6  1/2-1/2

[Event "Masters"]
[Site "Winterthur SUI"]
[Date "2008.10.09"]
[Round "7"]
[White "Agushi,A"]
[Black "Kelecevic,N"]
[Result "1-0"]
[WhiteElo "2118"]
[BlackElo "2364"]

1.e4 c5 2.Nf3 Nc6 3.Nc3 e6 4.g3 d6 5.Bg2 Nf6 6.O-O Be7 7.d4 cxd4 8.Nxd4 Bd7
9.Ndb5 Qb8 10.Bg5 a6 11.Bxf6 gxf6 12.Nd4 Qc7 13.Nxc6 Bxc6 14.Qh5 Qb6 15.Rab1 Qc5
16.Qf3 O-O 17.Qd3 b5 18.a3 Rfd8 19.Rfd1 Rac8 20.Rd2 Bf8 21.Kh1 Bg7 22.Ne2 d5
23.Rbd1 Qb6 24.Nc3 d4 25.Ne2 Qb7 26.g4 Rd7 27.Ng3 Kf8 28.Nh5 Bh8 29.Qf3 Ke7
30.Re1 b4 31.Qg3 Rg8 32.Qh4 bxa3 33.bxa3 Rdd8 34.Rd3 e5 35.Rf3 Rg6 36.Ng3 Kd7
37.Qxh7 Kd6 38.Rb3 Qa8 39.Qxf7  1-0

[Event "1st WMSG Rapid Pair"]
[Site "Beijing CHN"]
[Date "2008.10.10"]
[Round "6"]
[White "Fierro Baquero,M"]
[Black "Dembo,Y"]
[Result "1/2-1/2"]
[WhiteElo "2361"]
[BlackElo "2446"]

1.e4 c5 2.Nc3 Nc6 3.Bb5 Nd4 4.Bc4 e6 5.Nge2 Nf6 6.O-O a6 7.d3 Qc7 8.a4 Be7
9.f4 d6 10.Kh1 O-O 11.Be3 Nxe2 12.Qxe2 b6 13.f5 Qb7 14.Bg5 Bd7 15.e5 dxe5
16.fxe6 fxe6 17.Qxe5  1/2-1/2

[Event "1st WMSG Rapid Pair"]
[Site "Beijing CHN"]
[Date "2008.10.10"]
[Round "7"]
[White "Hou Yifan"]
[Black "Dembo,Y"]
[Result "1-0"]
[WhiteElo "2578"]
[BlackElo "2446"]

1.e4 c5 2.Nc3 Nc6 3.Bb5 Nd4 4.Nf3 Nxb5 5.Nxb5 a6 6.Nc3 d6 7.d4 cxd4 8.Qxd4 Nf6
9.Bg5 e6 10.O-O Be7 11.Rad1 O-O 12.Bxf6 gxf6 13.a4 Kh8 14.Rd3 Rg8 15.Nd2 e5
16.Qe3 f5 17.f4 Qf8 18.Nd5 fxe4 19.Nxe4 f5 20.Nec3 Qg7 21.Qd2 Bd8 22.Rg3 Qf7
23.Rxg8+ Qxg8 24.Qe3 Be6 25.Nb6 Bxb6 26.Qxb6 Bd5 27.g3 Bc6 28.fxe5 dxe5 29.Rxf5 Qg4
30.Qf2 Kg8 31.Rxe5 Rd8 32.Qe2 Qd4+ 33.Qe3 Qxe3+ 34.Rxe3 Rd2 35.Re2 Rd4 36.b3 Kf7
37.Kf2 Kf6 38.Ke3 Rd7 39.Ne4+ Kg6 40.Nc5 Rd5 41.Nd3 Rf5 42.Rf2 Rg5 43.Rf8 Kg7
44.Rf4 Rg6 45.Kd4 Rd6+ 46.Ke5 Rd8 47.Rf2 Re8+ 48.Kd4 Rd8+ 49.Ke3 Re8+ 50.Kd2 Rd8
51.Re2 Kf6 52.c4 Bd7 53.Kc3 Bf5 54.Re3 Rc8 55.Nf4 Kf7 56.Nd5 Be6 57.Rf3+ Kg7
58.Nf4 Bf7 59.Re3 b5 60.axb5 axb5 61.Re4 bxc4 62.bxc4 Kf6 63.Nd3 Bg6 64.Rf4+ Ke6
65.Nb4 Ke5 66.Rf2 Ke6 67.Kd4 Rb8 68.Nd5 Rb1 69.Kc5 Kd7 70.Nb6+ Ke6 71.Nd5 Kd7
72.Ra2 Rc1 73.Ra7+ Ke6 74.Nf4+ Kf5 75.Nxg6 hxg6 76.Ra2 Ke6 77.Rd2 Ke5 78.Re2+ Kf5
79.Kd5  1-0

[Event "Belgrade Premier League"]
[Site "Belgrade SRB"]
[Date "2008.10.11"]
[Round "7"]
[White "Cetkovic,Mi"]
[Black "Lapcevic,M"]
[Result "1/2-1/2"]
[WhiteElo "2294"]
[BlackElo "2355"]

1.e4 c5 2.Nc3 Nc6 3.Nge2 e5 4.f4 d6 5.d3 g6 6.g3 h5 7.Bg2 h4 8.Be3 Nd4 9.Bxd4 cxd4
10.Nd5 Bg7 11.c3 Ne7 12.Nxe7 Qxe7 13.cxd4 exd4 14.O-O hxg3 15.hxg3 Bg4 16.Rc1 Qd7
17.Kf2 O-O 18.Qd2 Be6 19.b3 a5 20.Rc2 Qb5 21.Rfc1 Bf6 22.Bf3 a4 23.bxa4 Rxa4
24.Rb2 Qa6 25.Rcb1 Rb8 26.Nc1 Bd8 27.Bd1 Ra3 28.Bb3 Ba5 29.Qe2 Bxb3 30.Rxb3 Rxb3
31.Nxb3 Bc3 32.f5 Kg7 33.Rh1 Qb5 34.g4 g5 35.Qf3 Qe5 36.Qh3 Qf4+ 37.Kg2 Kf6
38.Rf1 Qe3 39.Rf3 Qe2+ 40.Rf2 Qe3 41.Rf3 Qe2+ 42.Rf2 Qe3  1/2-1/2

[Event "Chigorin Memorial"]
[Site "St Petersburg RUS"]
[Date "2008.10.11"]
[Round "9"]
[White "Amonatov,F"]
[Black "Yakovich,Yur"]
[Result "1-0"]
[WhiteElo "2634"]
[BlackElo "2567"]

1.e4 c5 2.Nf3 Nc6 3.Nc3 d6 4.d4 cxd4 5.Nxd4 Nf6 6.Bg5 e6 7.Qd2 Qb6 8.Nb3 Be7
9.O-O-O O-O 10.f3 a6 11.g4 Qc7 12.h4 b5 13.Be3 Ne5 14.Qf2 Nfd7 15.Kb1 b4
16.Ne2 Bb7 17.Ng3 Rac8 18.g5 f5 19.exf5 exf5 20.Bf4 Bxf3 21.Bh3 Bxh1 22.Rxh1 Ng4
23.Qd2 Nde5 24.Nd4 Qd7 25.Bg2 Rc5 26.Qxb4 Kh8 27.b3 Bd8 28.h5 Nf7 29.g6 Bg5
30.Nge2 Bxf4 31.Nxf4 Ng5 32.Bd5 Re8 33.Qb6 a5 34.Bc6 Qd8 35.Qxd8 Rxd8 36.Nde6 Nxe6
37.Nxe6 Rc8 38.Nxc5 Rxc6 39.Ne6 Ne5 40.Nd4 Rc5 41.Nxf5 Nxg6 42.Nxd6 Nf4 43.Rf1 Ne6
44.Nb7 Re5 45.Nd8 Kg8 46.Nxe6 Rxe6 47.Rf5 Ra6 48.Kb2 g6 49.hxg6 hxg6 50.Rd5 Kf7
51.a3 Kf6 52.b4 axb4 53.axb4 g5 54.b5 Ra8 55.c4 g4 56.Rd3 Rg8 57.b6 g3 58.c5 g2
59.Rd1 Ke6 60.b7 Rb8 61.c6 g1=Q 62.Rxg1 Kd6 63.Rg6+ Kc7 64.Kc3 Rh8 65.Kc4 Kb6
66.Kd5 Rd8+ 67.Rd6 Rh8 68.Rd7 Rh5+ 69.Ke6 Rh6+ 70.Ke7 Kxc6 71.b8=Q Rh7+ 72.Ke6 Rh6+
73.Ke7 Rh7+ 74.Kf6 Rxd7 75.Ke6 Rd2 76.Qc8+ Kb6 77.Qc3 Rd8 78.Qb4+ Kc6 79.Qc4+ Kb6
80.Ke7 Rb8 81.Kd7 Rb7+ 82.Kd6 Ka7 83.Qa4+ Kb8 84.Qa5 Rb1  1-0

[Event "South Bohemia Open"]
[Site "Cesky Krumlov CZE"]
[Date "2008.10.12"]
[Round "2"]
[White "De Vrieze,M"]
[Black "Baum,B"]
[Result "1/2-1/2"]
[WhiteElo "2026"]
[BlackElo "2199"]

1.e4 c5 2.Nc3 Nc6 3.Bb5 Nd4 4.Bc4 e6 5.d3 a6 6.Nge2 b5 7.Bb3 Nxb3 8.axb3 Bb7
9.O-O Ne7 10.f4 g6 11.Be3 Qc7 12.Qe1 Bg7 13.Qg3 d5 14.exd5 exd5 15.f5 Be5
16.Bf4 Bxf4 17.Nxf4 O-O-O 18.fxg6 hxg6 19.Nh3 Qxg3 20.hxg3 Nf5 21.g4 Nh6
22.Rf6 Rd7 23.Ng5 Re8 24.Raf1 Ree7 25.R1f4 Kd8 26.Kf1 Ke8 27.Nh7 Re5 28.d4 cxd4
29.Rxd4 Rde7 30.Rd6 f5 31.Nf6+ Kf7 32.Nfxd5 Bxd5 33.Nxd5 Re1+ 34.Kf2 R7e2+
35.Kg3 Nxg4 36.Rd7+ Kf8 37.Nf4 Re3+ 38.Kh4 Nf6 39.Nxg6+ Ke8 40.Ra7 Re4+ 41.Rxe4+ Nxe4
42.Nf4 Rf1 43.Nh3 Rc1 44.Rxa6 Rxc2 45.g4 fxg4 46.Kxg4 Rxb2 47.Re6+ Kd7  1/2-1/2

[Event "1st WMSG Blitz Team"]
[Site "Beijing CHN"]
[Date "2008.10.13"]
[Round "1"]
[White "Di Berardino,D"]
[Black "Ahmed,Has"]
[Result "1-0"]
[WhiteElo "2502"]
[BlackElo "2253"]

1.e4 c5 2.Nf3 Nc6 3.Nc3 g6 4.d4 cxd4 5.Nxd4 Bg7 6.Be3 d6 7.Bc4 Nf6 8.f3 Bd7
9.Qd2 Rc8 10.Bb3 O-O 11.O-O-O Ne5 12.Kb1 a6 13.h4 b5 14.h5 Nc4 15.Bxc4 Rxc4
16.hxg6 fxg6 17.Nde2 Be6 18.e5 Ne8 19.Nf4 Qd7 20.Nxe6 Qxe6 21.Qd5 Qxd5 22.Nxd5 Bxe5
23.Nxe7+ Kf7 24.Rxh7+ Ng7 25.Nd5 Rfc8 26.c3 a5 27.Rdh1 b4 28.f4 Bf6 29.Nxf6 Kxf6
30.Bd4+ Rxd4 31.cxd4 Rc4 32.Rd1 Nf5 33.Ra7 Nxd4 34.Rxa5 Ne2 35.Rxd6+ Kg7
36.Rd1 Nxf4 37.g4 Ne2 38.g5 Rc7 39.a4 b3 40.Rb5 Rc4 41.Rb7+ Kf8 42.Rd8+  1-0

[Event "1st WMSG Blitz Team"]
[Site "Beijing CHN"]
[Date "2008.10.13"]
[Round "4"]
[White "Mogranzini,R"]
[Black "Steingrimsson,H"]
[Result "1-0"]
[WhiteElo "2415"]
[BlackElo "2540"]

1.e4 c5 2.Nc3 Nc6 3.Bb5 Nd4 4.Bc4 e6 5.Nge2 Nf6 6.O-O a6 7.d3 b5 8.Bb3 Nxb3
9.axb3 Bb7 10.Bg5 h6 11.Bh4 Be7 12.f4 g5 13.Bg3 d6 14.f5 e5 15.Kh1 h5 16.Bf2 h4
17.h3 d5 18.exd5 Nxd5 19.Ne4 Qc7 20.Bg1 f6 21.c4 Nb4 22.N2c3 Rd8 23.Rf3 Qc6
24.Qe2 Rd7 25.cxb5 axb5 26.Ra5 Ba6 27.Ra1 Kf7 28.Re3 Kg7 29.Rd1 Bb7 30.Qg4 Nc2
31.Rf3 Rdd8 32.Bf2 Nd4 33.Bxd4 Rxd4 34.Ne2 Rb4 35.Nc1 Rd8 36.Rf2 Rbd4 37.Re1 c4
38.bxc4 bxc4 39.Qh5 Qe8 40.Qxe8 Rxe8 41.Nd2 cxd3 42.Ndb3 Rd7 43.Na5 Ba8 44.Nc4 e4
45.Rd1 Bc5 46.Rfd2 Rd5 47.Nb3 Ba7 48.Nc1 Red8 49.b3 Rxf5 50.Re1 Rb5 51.Ne3 Kg6
52.Nc4 f5 53.Rf1 f4 54.Ra2 Bd4 55.Ra6+ Kh5 56.Nd2 Rb6 57.Ra7 Be3 58.Nc4 Rb7
59.Ra6 Bxc1 60.Rxc1 Rxb3 61.Ne5 Rb7 62.Ng4 Rf7 63.Rh6+  1-0

[Event "1st WMSG Blitz Team"]
[Site "Beijing CHN"]
[Date "2008.10.13"]
[Round "5"]
[White "Hoang Canh Huan"]
[Black "Feldman,V"]
[Result "1-0"]
[WhiteElo "2363"]
[BlackElo "2298"]

1.e4 c5 2.Nc3 Nc6 3.Bb5 g6 4.Bxc6 bxc6 5.f4 Bg7 6.Nf3 d6 7.h3 Ba6 8.d3 e6
9.O-O Ne7 10.Qe1 Rb8 11.Rb1 O-O 12.Bd2 Nc8 13.Kh1 Nb6 14.f5 Nd7 15.Qg3 Ne5
16.Nxe5 Bxe5 17.Bf4 Qf6 18.Bxe5 Qxe5 19.Qxe5 dxe5 20.b3 exf5 21.exf5 f6 22.Rbe1 Kg7
23.Ne4 Rb5 24.a4 Ra5 25.g4 g5 26.Kg2 h6 27.Rh1 Bc8 28.h4 Bd7 29.hxg5 hxg5
30.Rh3 Rh8 31.Rxh8 Kxh8 32.Nxf6 Bc8 33.Rxe5 Kg7 34.Ne8+ Kf8 35.Nd6 Ba6 36.f6 Kg8
37.f7+ Kf8  1-0

[Event "1st WMSG Blitz Team"]
[Site "Beijing CHN"]
[Date "2008.10.13"]
[Round "6"]
[White "Ghaem Maghami,E"]
[Black "Shabalov,A"]
[Result "1-0"]
[WhiteElo "2599"]
[BlackElo "2585"]

1.e4 c5 2.Nc3 Nc6 3.Nge2 e6 4.g3 a6 5.Bg2 b5 6.Nd4 Bb7 7.O-O Nce7 8.Re1 Nc6
9.Nd5 Be7 10.Nxe7 Qxe7 11.a4 b4 12.a5 Rc8 13.Nxc6 Bxc6 14.b3 Rb8 15.Bf1 Bxe4
16.Rxe4 Rc8 17.Rxb4 e5 18.Rc4 f6 19.b4 Rc7 20.Bd3 Kf7 21.Ra4 Ke6  1-0

[Event "1st WMSG Blitz Team"]
[Site "Beijing CHN"]
[Date "2008.10.13"]
[Round "6"]
[White "Sepp,O"]
[Black "Ahmed,Has"]
[Result "1-0"]
[WhiteElo "2448"]
[BlackElo "2253"]

1.e4 c5 2.Ne2 Nc6 3.Nbc3 e5 4.Nd5 d6 5.Nec3 Be6 6.Bc4 a6 7.a4 Nf6 8.d3 Be7
9.Nxf6+ Bxf6 10.Nd5 O-O 11.O-O Rb8 12.a5 Bxd5 13.Bxd5 Nxa5 14.c3 Qc7 15.f4 c4
16.fxe5 Bxe5 17.d4 Bf6 18.Rxf6 gxf6 19.Bh6 Kh8 20.Qf3 f5 21.Qxf5 f6 22.Bxf8 Rxf8
23.Rf1 Nb3 24.Rf3 b5 25.Rg3 Nc1 26.Qxf6+  1-0

[Event "1st WMSG Blitz Team"]
[Site "Beijing CHN"]
[Date "2008.10.13"]
[Round "7"]
[White "Hoang Canh Huan"]
[Black "Daskevics,Va"]
[Result "1-0"]
[WhiteElo "2363"]
[BlackElo "2326"]

1.e4 c5 2.Nc3 Nc6 3.Bb5 g6 4.Bxc6 dxc6 5.Nf3 Bg7 6.O-O e5 7.h3 Qe7 8.d3 Nf6
9.Be3 Nd7 10.Qd2 h6 11.Nh2 Nf8 12.a3 Ne6 13.Rab1 b6 14.b4 cxb4 15.axb4 b5
16.Ne2 Nd4 17.Bxd4 exd4 18.Nf3 Qd6 19.Rfe1 O-O 20.e5 Bxe5 21.Nxe5 Qxe5 22.Qxh6 Re8
23.Nxd4 Qxe1+ 24.Rxe1 Rxe1+ 25.Kh2 Bd7 26.Qf4 Rc8 27.Qd6 Be8 28.f4 a5 29.bxa5 Ra1
30.f5 Rxa5 31.fxg6 Ra7 32.Nf5 Rcc7 33.Qd8 fxg6 34.Qxe8+ Kh7 35.Nd4 c5 36.Nxb5 Re7
37.Qd8 Rad7 38.Qc8 Rd5 39.Nc3 Rde5 40.Ne4 Kg7 41.Nxc5 Re2 42.Ne4 Rf7 43.Qc3+ Kh6
44.Qh8+ Rh7 45.Qf8+ Rg7 46.Qf4+ Kh7 47.Nf6+  1-0

[Event "1st WMSG Blitz Team"]
[Site "Beijing CHN"]
[Date "2008.10.13"]
[Round "9"]
[White "Di Berardino,D"]
[Black "Espinosa Flores,R"]
[Result "1-0"]
[WhiteElo "2502"]
[BlackElo "2412"]

1.e4 c5 2.Nf3 Nc6 3.Nc3 Nf6 4.Bb5 Qc7 5.O-O Nd4 6.Ba4 Ng4 7.g3 h5 8.Nd5 Qa5
9.c3 Nxf3+ 10.Qxf3 Qxa4 11.Nc7+ Kd8 12.Nxa8 Ne5 13.Qe3 d6 14.d4 cxd4 15.cxd4 Qxd4
16.Qxd4 Nf3+ 17.Kg2 Nxd4 18.Be3 Nc6 19.b4 b6 20.b5 Ne5 21.Rac1 Bb7 22.Nxb6 axb6
23.Bxb6+ Ke8 24.f3 f5 25.Rc7 fxe4 26.Rxb7 exf3+ 27.Rxf3 Nxf3 28.Kxf3 Rh6
29.a4 Rf6+ 30.Ke2 Rf5 31.Be3 d5 32.a5 d4 33.Bxd4 e5 34.Be3 e4 35.a6  1-0

[Event "1st WMSG Blitz Team"]
[Site "Beijing CHN"]
[Date "2008.10.13"]
[Round "10"]
[White "Cooper,L"]
[Black "Fesalbon,R"]
[Result "1-0"]
[WhiteElo "2313"]
[BlackElo "2061"]

1.e4 c5 2.Nc3 Nc6 3.Bb5 d6 4.d3 g6 5.Be3 Bg7 6.Qd2 Bd7 7.Nge2 Nf6 8.Bh6 O-O
9.Bxc6 bxc6 10.h4 Rb8 11.b3 Bg4 12.f3 Be6 13.h5 Nxh5 14.Rxh5 f6 15.Bxg7 gxh5
16.Bxf8 Qxf8 17.O-O-O Kf7 18.Rh1 Ke8  1-0